| 000 | nam a22 a 4500 | ||
|---|---|---|---|
| 999 |
_c3528 _d3528 |
||
| 003 | AKMAL | ||
| 005 | 20170523104151.0 | ||
| 008 | 170523s1996 my 00 eng d | ||
| 020 |
_a9679785874 (pbk.): _cRM 18.00 |
||
| 040 | _aAKMAL | ||
| 082 | 0 | 4 | _a658.45 JAM |
| 090 |
_a658.45 _bJAM |
||
| 245 | 1 | 4 |
_aThe skills of positive image bodytalk : _ba down-to-earth, essential guide to taking control of your image / _cJudi James |
| 260 |
_aPetaling Jaya : _bPelanduk Publications, _c1996 |
||
| 300 |
_a120p. : _bill. ; _c22cm |
||
| 650 |
_aNon-verbal communication (Psychology) _97044 |
||
| 650 |
_aInterpersonal communication _91169 |
||
| 650 |
_aBusiness communication _91235 |
||
| 942 |
_2ddc _cBOOK |
||